000 02105nam0a2200337 4500
001 RU\NLR\bibl\469762
005 20250623190024.0
010 _a5-98032-302-3
_95000
021 _aRU
_b2003-59724
_92921
035 _a(NLR Aleph) 000463013
090 _a945856
_c945856
100 _a20031208d2003 |||y0rusy50 ca
101 0 _arus
102 _aRU
105 _ay |||||||||
200 1 _aКомментарий к Уголовно-процессуальному кодексу Российской Федерации
_e[По состоянию на 1 авг. 2003 г.
_eС учетом Федер. Законов от 30 июня 2003 г. N 86-ФЗ; от 4 июля 2003 г. N 92-ФЗ; от 4 июля 2003 г. N 94-ФЗ; от 7 июля 2003 г. N 111-ФЗ]
_fИн-т гос-ва и права Рос. акад. наук
_g[Л.Н. Башкатов, засл. юрист РФ, к.ю.н., доц. и др.]
_gОтв. ред. засл. юрист РФ, д.ю.н., проф. И.Л. Петрухин
205 _a2-е изд., перераб. и доп.
210 _aМ.
_cПроспект
_cТК Велби
_d2003
215 _a1015 с.
_d22
225 1 _aПрофессиональные юридические системы "КОДЕКС"
604 _171001$aРоссийская Федерация
_1500##$3RU\NLR\AUTH\661293027$aУголовно-процессуальный кодекс$jКомментарии$2nlr_sh2
_aРоссийская Федерация
_tУголовно-процессуальный кодекс
_jКомментарии
_92146253
_3RU\NLR\AUTH\661293027
606 0 _aУголовно-процессуальный кодекс
_jКомментарии
_yРоссийская Федерация
_92078726
_3RU\NLR\AUTH\661254590
686 1 _aХ629.3-324.9(2Р)
702 1 _aБашкатов
_bЛ. Н.
_gЛеонид Николаевич
_4220
702 1 _aПетрухин
_bИ. Л.
_4340
801 0 _aRU
_bNLR
_c20031208
_gPSBO
801 1 _aRU
_bNLR
_c20031208
942 _cBOOK
980 _aNB